[Event "RUS-ch Rapid"]
[Site "Sochi"]
[Date "2023.10.16"]
[Round "10"]
[White "Oganian, Miran"]
[Black "Predein, Vladimir"]
[Result "1-0"]
[WhiteElo "2433"]
[BlackElo "2373"]
[PlyCount "64"]
[EventDate "2023.10.15"]
[EventType "swiss (rapid)"]
[EventRounds "11"]
[EventCountry "RUS"]
[SourceTitle "Mega2024 Update 01"]
[Source "Chessbase"]
[SourceDate "2023.11.12"]
[SourceVersion "1"]
[SourceVersionDate "2023.11.12"]
[SourceQuality "1"]

1. d4 Nf6 2. c4 e6 3. g3 c5 4. d5 exd5 5. cxd5 d6 6. Nc3 g6 7. Nf3 Bg7 8. Bg2 0-0 9. 0-0 a6 10. a4 Re8 11. Nd2 Nbd7 12. h3 Rb8 13. Nc4 Nb6 14. Na3 Bd7 15. a5 Nc8 16. Nc4 Qc7 17. Qb3 b5 18. axb6 Nxb6 19. Nxd6 Qxd6 20. Bf4 Qf8 21. Bxb8 Rxb8 22. Qc2 Bb5 23. Rfd1 Ne8 24. Kh2 f5 25. e3 Nd6 26. Nxb5 axb5 27. Qxc5 Na4 28. Qc7 Rb7 29. Qc6 Nxb2 30. Rdb1 Nbc4 31. Ra6 Qd8 32. Bf1 Rb8 1-0

[Event "Izhevsk Corporation Cup 6th"]
[Site "Izhevsk"]
[Date "2014.07.18"]
[Round "6"]
[White "Predein, Vladimir"]
[Black "Fakhrutdinov, Timur"]
[Result "1/2-1/2"]
[WhiteElo "2386"]
[BlackElo "2234"]
[PlyCount "85"]
[EventDate "2014.07.12"]
[EventType "swiss"]
[EventRounds "9"]
[EventCountry "RUS"]
[SourceTitle "CBM 161 Extra"]
[Source "ChessBase"]
[SourceDate "2014.08.29"]
[SourceVersion "1"]
[SourceVersionDate "2014.08.29"]
[SourceQuality "1"]

1. Nf3 Nf6 2. g3 d5 3. c4 e6 4. Bg2 Be7 5. 0-0 0-0 6. d4 dxc4 7. Qc2 a6 8. a4 Bd7 9. Qxc4 Bc6 10. Bg5 Bd5 11. Qc2 Be4 12. Qd1 h6 13. Bxf6 Bxf6 14. Nc3 Bxf3 15. Bxf3 c6 16. Qb3 Qc7 17. Rfd1 Rd8 18. Ne4 Be7 19. a5 Nd7 20. Qc4 Rab8 21. b4 Nf6 22. Nc5 Bd6 23. Nd3 Ne8 24. Rac1 Be7 25. e3 Nd6 26. Qb3 Bf6 27. Kg2 Nf5 28. Nc5 Nd6 29. h4 Be7 30. h5 Ne8 31. Nd3 Bd6 32. Qb2 Qe7 33. e4 Rbc8 34. e5 Bb8 35. Nc5 Ba7 36. Be4 Bxc5 37. dxc5 Rxd1 38. Rxd1 Rd8 39. Rd4 f5 40. exf6 Nxf6 41. Rxd8+ Qxd8 42. Qe5 Kf7 43. Bf3 1/2-1/2

[Event "Moscow op-A 04th"]
[Site "Moscow"]
[Date "2008.02.05"]
[Round "4"]
[White "Predein, Vladimir"]
[Black "Bryzgalin, Kirill"]
[Result "1/2-1/2"]
[WhiteElo "2382"]
[BlackElo "2531"]
[PlyCount "37"]
[EventDate "2008.02.02"]
[EventType "swiss"]
[EventRounds "9"]
[EventCountry "RUS"]
[SourceTitle "CBM 122 Extra"]
[Source "ChessBase"]
[SourceDate "2008.03.04"]
[SourceVersion "1"]
[SourceVersionDate "2008.03.04"]
[SourceQuality "1"]

1. d4 Nf6 2. Nf3 d5 3. c4 c6 4. e3 Bf5 5. Nc3 e6 6. Nh4 Bg4 7. Qb3 Qc7 8. h3 Bh5 9. g4 Bg6 10. Nxg6 hxg6 11. Bg2 Nbd7 12. cxd5 exd5 13. Bd2 Nb6 14. 0-0-0 0-0-0 15. Kb1 Nc4 16. Bc1 Nb6 17. f3 Be7 18. e4 Kb8 19. Ne2 1/2-1/2

[Event "Moscow op-A 04th"]
[Site "Moscow"]
[Date "2008.02.04"]
[Round "3"]
[White "Grigoriants, Sergey"]
[Black "Predein, Vladimir"]
[Result "1/2-1/2"]
[WhiteElo "2583"]
[BlackElo "2382"]
[PlyCount "38"]
[EventDate "2008.02.02"]
[EventType "swiss"]
[EventRounds "9"]
[EventCountry "RUS"]
[SourceTitle "CBM 122 Extra"]
[Source "ChessBase"]
[SourceDate "2008.03.04"]
[SourceVersion "1"]
[SourceVersionDate "2008.03.04"]
[SourceQuality "1"]

1. e4 c5 2. Nf3 e6 3. d4 cxd4 4. Nxd4 Nc6 5. Nc3 Qc7 6. Be3 Nf6 7. f3 a6 8. Qd2 Na5 9. 0-0-0 Bb4 10. Kb1 d5 11. Nb3 Nxb3 12. cxb3 dxe4 13. Nb5 Qe7 14. Nc7+ Qxc7 15. Qxb4 Nd5 16. Qxe4 Nxe3 17. Qxe3 Bd7 18. Bd3 Bc6 19. Rc1 0-0 1/2-1/2

[Event "Moscow op-A 04th"]
[Site "Moscow"]
[Date "2008.02.03"]
[Round "2"]
[White "Predein, Vladimir"]
[Black "Tjurins, Ilja"]
[Result "1-0"]
[WhiteElo "2382"]
[BlackElo "2193"]
[PlyCount "52"]
[EventDate "2008.02.02"]
[EventType "swiss"]
[EventRounds "9"]
[EventCountry "RUS"]
[SourceTitle "CBM 122 Extra"]
[Source "ChessBase"]
[SourceDate "2008.03.04"]
[SourceVersion "1"]
[SourceVersionDate "2008.03.04"]
[SourceQuality "1"]

1. d4 Nf6 2. Nf3 g6 3. c4 Bg7 4. Nc3 0-0 5. e4 d6 6. Be2 e5 7. Be3 Nc6 8. d5 Ne7 9. Nd2 Ne8 10. f3 f5 11. Qc2 Bd7 12. 0-0-0 c6 13. Kb1 Nc7 14. c5 cxd5 15. cxd6 d4 16. Bg5 Bf6 17. Bxf6 Rxf6 18. dxc7 Qxc7 19. Bc4+ Be6 20. Bxe6+ Rxe6 21. Qb3 Qd7 22. Nb5 Kf8 23. a4 Rb6 24. Nc4 Qe6 25. Nc7 Rxb3 26. Nxe6+ Kf7 1-0

[Event "Vitebsky Memorial"]
[Site "Kurgan"]
[Date "2001.??.??"]
[Round "6"]
[White "Parfenov, Vladislav"]
[Black "Predein, Vladimir"]
[Result "0-1"]
[WhiteElo "2243"]
[BlackElo "2402"]
[PlyCount "94"]
[EventDate "2001.??.??"]
[EventType "tourn"]
[EventRounds "11"]
[EventCountry "RUS"]
[EventCategory "5"]
[SourceTitle "EXT 2006"]
[Source "ChessBase"]
[SourceDate "2005.11.24"]
[SourceVersion "1"]
[SourceVersionDate "2005.11.24"]
[SourceQuality "1"]

1. e4 c5 2. Nf3 e6 3. d4 cxd4 4. Nxd4 Nc6 5. Nb5 d6 6. c4 Nf6 7. N5c3 a6 8. Na3 Be7 9. Be2 0-0 10. 0-0 b6 11. Be3 Nb8 12. Qd2 Bb7 13. f3 Nbd7 14. Rfd1 Qc7 15. Rac1 Rac8 16. Kh1 Qb8 17. Qe1 Rfe8 18. Qf2 Bd8 19. Nc2 Bc7 20. Qg1 Kh8 21. Nb4 Qa8 22. Rd2 Rg8 23. Rcd1 h6 24. Qf2 Qb8 25. Qh4 Kh7 26. Bd3 Ne5 27. Bxh6 gxh6 28. Bc2 Kg7 29. Nd3 Ng6 30. Qh3 Rcd8 31. Nf2 h5 32. Rd3 Kf8 33. Ne2 Ke7 34. R3d2 e5 35. f4 Nxf4 36. Nxf4 exf4 37. Qa3 Ng4 38. Nxg4 Rxg4 39. e5 f3 40. exd6+ Rxd6 41. gxf3 Rf4 42. Rf1 Bc6 43. Re2+ Kd7 44. Be4 Bxe4 45. Rxe4 Rxe4 46. fxe4 Qe8 47. Qe3 Kc8 0-1

[Event "Kurgan"]
[Site "Kurgan"]
[Date "2001.??.??"]
[Round "?"]
[White "Ponomariov, Valeriy"]
[Black "Predein, Vladimir"]
[Result "0-1"]
[WhiteElo "2326"]
[BlackElo "2402"]
[PlyCount "78"]
[EventDate "2001.??.??"]
[EventType "tourn"]
[EventRounds "11"]
[EventCountry "RUS"]
[EventCategory "7"]
[SourceTitle "EXT 2006"]
[Source "ChessBase"]
[SourceDate "2005.11.24"]
[SourceVersion "1"]
[SourceVersionDate "2005.11.24"]
[SourceQuality "1"]

1. d4 Nf6 2. c4 g6 3. Nc3 Bg7 4. Nf3 d6 5. e3 0-0 6. Be2 Nbd7 7. b3 e5 8. Qc2 Re8 9. Bb2 c6 10. h3 a6 11. a4 e4 12. Nd2 d5 13. b4 h5 14. g4 hxg4 15. hxg4 Nf8 16. Rg1 Qd6 17. Qb3 Be6 18. 0-0-0 b5 19. cxb5 cxb5 20. axb5 axb5 21. g5 N6h7 22. Nxb5 Rec8+ 23. Kb1 Qh2 24. Rdf1 Nd7 25. Bg4 Bxg4 26. Rxg4 Nb6 27. Nc3 Qd6 28. f3 exf3 29. Rxf3 Qh2 30. Nf1 Qh1 31. Qd1 Bf8 32. e4 Bxb4 33. Nxd5 Nxd5 34. exd5 Rab8 35. Ka2 Re8 36. Ne3 Qh2 37. Qc2 Ra8+ 38. Kb1 Qh1+ 39. Rf1 Qh3 0-1

[Event "Vitebsky Memorial"]
[Site "Kurgan"]
[Date "2001.??.??"]
[Round "1"]
[White "Predein, Vladimir"]
[Black "Sunjaikin, Boris"]
[Result "1/2-1/2"]
[WhiteElo "2402"]
[BlackElo "2219"]
[PlyCount "84"]
[EventDate "2001.??.??"]
[EventType "tourn"]
[EventRounds "11"]
[EventCountry "RUS"]
[EventCategory "5"]
[SourceTitle "EXT 2006"]
[Source "ChessBase"]
[SourceDate "2005.11.24"]
[SourceVersion "1"]
[SourceVersionDate "2005.11.24"]
[SourceQuality "1"]

1. c4 Nf6 2. Nc3 g6 3. e4 d6 4. d4 Bg7 5. Nf3 0-0 6. Be2 e5 7. Be3 Nbd7 8. 0-0 exd4 9. Nxd4 Nc5 10. f3 c6 11. Qd2 Qe7 12. Rad1 Ne8 13. b4 Ne6 14. Nb3 N8c7 15. a3 Rd8 16. f4 Nf8 17. Bf3 Nd7 18. Na5 f5 19. exf5 gxf5 20. b5 cxb5 21. Nxb7 Bxb7 22. Bxb7 Rab8 23. Nd5 Nxd5 24. Bxd5+ Kh8 25. Bxa7 bxc4 26. Bxb8 c3 27. Qd3 Rxb8 28. Qxf5 Nf6 29. Bf3 Qa7+ 30. Kh1 Qxa3 31. Ra1 Qc5 32. Qxc5 dxc5 33. Rfb1 Rxb1+ 34. Rxb1 Nd7 35. Be4 Bd4 36. Rb7 Nf6 37. Bf5 h5 38. g3 Nd5 39. Rh7+ Kg8 40. Rxh5 Ne3 41. Be4 c2 42. Bxc2 Nxc2 1/2-1/2

[Event "Vitebsky Memorial"]
[Site "Kurgan"]
[Date "2001.??.??"]
[Round "8"]
[White "Zhidkov, Valery S"]
[Black "Predein, Vladimir"]
[Result "1/2-1/2"]
[WhiteElo "2385"]
[BlackElo "2402"]
[PlyCount "21"]
[EventDate "2001.??.??"]
[EventType "tourn"]
[EventRounds "11"]
[EventCountry "RUS"]
[EventCategory "5"]
[SourceTitle "EXT 2006"]
[Source "ChessBase"]
[SourceDate "2005.11.24"]
[SourceVersion "1"]
[SourceVersionDate "2005.11.24"]
[SourceQuality "1"]

1. d4 Nf6 2. Nf3 g6 3. g3 Bg7 4. Bg2 0-0 5. c4 d6 6. 0-0 Nc6 7. Nc3 e5 8. dxe5 Nxe5 9. Nxe5 dxe5 10. Bg5 Qxd1 11. Rfxd1 1/2-1/2

[Event "Kurgan"]
[Site "Kurgan"]
[Date "1995.??.??"]
[Round "10"]
[White "Komliakov, Viktor"]
[Black "Predein, Vladimir"]
[Result "1-0"]
[WhiteElo "2535"]
[BlackElo "2355"]
[PlyCount "71"]
[EventDate "1995.??.??"]
[EventType "tourn"]
[EventRounds "11"]
[EventCountry "RUS"]
[EventCategory "9"]
[SourceTitle "CBM 049 Extra"]
[Source "ChessBase"]
[SourceDate "1996.01.01"]
[SourceVersion "1"]
[SourceVersionDate "1996.01.01"]
[SourceQuality "1"]

1. e4 c5 2. Nf3 d6 3. Bb5+ Bd7 4. Bxd7+ Qxd7 5. c4 Nf6 6. Nc3 Nc6 7. 0-0 g6 8. d4 cxd4 9. Nxd4 Bg7 10. Nde2 0-0 11. f3 a6 12. a4 Qd8 13. Kh1 Nd7 14. Rb1 Rc8 15. b3 Nc5 16. Be3 Nb4 17. Qd2 e6 18. Rfd1 Rc6 19. Nc1 Qe7 20. Nb5 axb5 21. axb5 Rc7 22. Qxb4 f5 23. exf5 Rxf5 24. Nd3 Qf6 25. Nxc5 dxc5 26. Qd2 Rc8 27. Qd7 Rf8 28. Qxb7 Qc3 29. Bg1 Rh5 30. Qe4 Be5 31. Rd3 Qa5 32. g4 Qa2 33. gxh5 Qxb1 34. hxg6 Qa1 35. gxh7+ Kh8 36. b6 1-0

[Event "Kurgan"]
[Site "Kurgan"]
[Date "1995.??.??"]
[Round "3"]
[White "Kotsur, Pavel"]
[Black "Predein, Vladimir"]
[Result "1-0"]
[WhiteElo "2415"]
[BlackElo "2355"]
[PlyCount "87"]
[EventDate "1995.??.??"]
[EventType "tourn"]
[EventRounds "11"]
[EventCountry "RUS"]
[EventCategory "9"]
[SourceTitle "CBM 049 Extra"]
[Source "ChessBase"]
[SourceDate "1996.01.01"]
[SourceVersion "1"]
[SourceVersionDate "1996.01.01"]
[SourceQuality "1"]

1. e4 c5 2. Nf3 d6 3. d4 cxd4 4. Nxd4 Nf6 5. Nc3 a6 6. Bg5 e6 7. Qd3 h6 8. Bh4 Nbd7 9. 0-0-0 g5 10. Bg3 Ne5 11. Qd2 Bd7 12. h4 Rg8 13. hxg5 hxg5 14. f3 Rc8 15. Kb1 Qc7 16. Bf2 b5 17. Bd3 Nc4 18. Bxc4 Qxc4 19. Be3 Be7 20. g4 b4 21. Nce2 a5 22. Ng3 Rc5 23. Nde2 Rb5 24. Bd4 Bc8 25. b3 Qc7 26. c4 bxc3 27. Nxc3 Rb7 28. Rc1 Qb8 29. Na4 Bd7 30. Ka1 Qd8 31. Bc3 Bxa4 32. bxa4 Nd7 33. Nh5 Ne5 34. Rhd1 f6 35. Rf1 Qd7 36. f4 gxf4 37. Rxf4 Rg6 38. Qh2 Qxa4 39. g5 Qa3 40. Rff1 Rxg5 41. Nf4 Kd7 42. Qh8 Ng6 43. Qa8 Rb3 44. Be5 1-0

[Event "Kurgan"]
[Site "Kurgan"]
[Date "1995.??.??"]
[Round "4"]
[White "Predein, Vladimir"]
[Black "Shcherbakov, Ruslan"]
[Result "0-1"]
[WhiteElo "2355"]
[BlackElo "2520"]
[PlyCount "72"]
[EventDate "1995.??.??"]
[EventType "tourn"]
[EventRounds "11"]
[EventCountry "RUS"]
[EventCategory "9"]
[SourceTitle "CBM 049 Extra"]
[Source "ChessBase"]
[SourceDate "1996.01.01"]
[SourceVersion "1"]
[SourceVersionDate "1996.01.01"]
[SourceQuality "1"]

1. d4 d5 2. Nf3 c6 3. c4 e6 4. e3 Bd6 5. Bd3 f5 6. Qc2 Nf6 7. Nc3 Ne4 8. 0-0 Nd7 9. Ne1 0-0 10. f4 Ndf6 11. Nf3 b6 12. b3 Bb7 13. Bb2 Qe7 14. Qe2 Rad8 15. a4 a5 16. Ne5 Nd7 17. Nf3 Kh8 18. Rfc1 Rc8 19. Rc2 Nxc3 20. Bxc3 c5 21. Ne5 cxd4 22. exd4 Nxe5 23. fxe5 Bb4 24. Bb2 Qg5 25. Rf1 dxc4 26. bxc4 Bxg2 27. Qxg2 Qe3+ 28. Kh1 Qxd3 29. Rg1 Rc7 30. Rcc1 f4 31. Rcd1 Qf5 32. d5 f3 33. Qg3 f2 34. Rgf1 Rxc4 35. dxe6 Rg4 36. Qe3 Bc5 0-1

[Event "Kurgan"]
[Site "Kurgan"]
[Date "1995.??.??"]
[Round "7"]
[White "Rublevsky, Sergei"]
[Black "Predein, Vladimir"]
[Result "1-0"]
[WhiteElo "2585"]
[BlackElo "2355"]
[PlyCount "51"]
[EventDate "1995.??.??"]
[EventType "tourn"]
[EventRounds "11"]
[EventCountry "RUS"]
[EventCategory "9"]
[SourceTitle "CBM 049 Extra"]
[Source "ChessBase"]
[SourceDate "1996.01.01"]
[SourceVersion "1"]
[SourceVersionDate "1996.01.01"]
[SourceQuality "1"]

1. e4 d6 2. d4 Nf6 3. Nd2 g6 4. Ngf3 Bg7 5. Be2 0-0 6. 0-0 Nbd7 7. c3 e5 8. Qc2 Qe7 9. Re1 Nh5 10. g3 Nb6 11. a4 a5 12. b3 Re8 13. dxe5 dxe5 14. Nf1 h6 15. Ne3 Bh3 16. Ba3 Qf6 17. Rad1 Rad8 18. c4 Rxd1 19. Rxd1 Rd8 20. c5 Rxd1+ 21. Qxd1 Nd7 22. Qd2 Bf8 23. Qxa5 Qc6 24. Nd5 Bxc5 25. Bb5 Qd6 26. Bxd7 1-0

[Event "Kurgan"]
[Site "Kurgan"]
[Date "1994.??.??"]
[Round "10"]
[White "Galdunts, Sergey"]
[Black "Predein, Vladimir"]
[Result "1/2-1/2"]
[WhiteElo "2420"]
[BlackElo "2360"]
[PlyCount "87"]
[EventDate "1994.??.??"]
[EventType "tourn"]
[EventRounds "11"]
[EventCountry "RUS"]
[EventCategory "8"]
[SourceTitle "CBM 043"]
[Source "ChessBase"]
[SourceDate "1994.12.01"]
[SourceVersion "1"]
[SourceVersionDate "1994.12.01"]
[SourceQuality "1"]

1. e4 c5 2. Nc3 d6 3. Nge2 Nc6 4. d4 cxd4 5. Nxd4 Nf6 6. Bg5 h6 7. Bxf6 gxf6 8. Qd3 e6 9. 0-0-0 a6 10. f4 Qb6 11. Be2 Nxd4 12. Qxd4 Qxd4 13. Rxd4 h5 14. Rf1 Bd7 15. Rf3 h4 16. f5 Rc8 17. Rc4 Rxc4 18. Bxc4 Ke7 19. Kd1 Rg8 20. Rh3 Rxg2 21. Rxh4 b5 22. Bd3 Bc6 23. Ne2 d5 24. exd5 Bxd5 25. a4 bxa4 26. Nf4 Rg1+ 27. Kd2 Bc6 28. Bxa6 Kd6 29. Bd3 exf5 30. Bxf5 Ke5 31. Bh3 f5 32. Ne2 Rh1 33. Rh5 Rxh2 34. Rxf5+ Kd6 35. Rf6+ Kc5 36. Rf5+ Kd6 37. Rf6+ Kd5 38. Bf5 Be8 39. Bg4 Ke5 40. Ra6 Bb5 41. Ra7 f5 42. c4 Bc5 43. Rc7 Bd6 44. Rc8 1/2-1/2

[Event "Kurgan"]
[Site "Kurgan"]
[Date "1994.??.??"]
[Round "7"]
[White "Predein, Vladimir"]
[Black "Obukhov, Alexander"]
[Result "1/2-1/2"]
[WhiteElo "2360"]
[BlackElo "2445"]
[PlyCount "106"]
[EventDate "1994.??.??"]
[EventType "tourn"]
[EventRounds "11"]
[EventCountry "RUS"]
[EventCategory "8"]
[SourceTitle "CBM 043"]
[Source "ChessBase"]
[SourceDate "1994.12.01"]
[SourceVersion "1"]
[SourceVersionDate "1994.12.01"]
[SourceQuality "1"]

1. d4 Nf6 2. Nf3 d5 3. c4 e6 4. Nc3 c6 5. cxd5 exd5 6. Bg5 Be7 7. Qc2 0-0 8. e3 Nbd7 9. Bd3 Re8 10. 0-0 Nf8 11. Rae1 Ne4 12. Bf4 Ng5 13. Nxg5 Bxg5 14. Bxg5 Qxg5 15. f4 Qh6 16. Rf3 Qh4 17. Rg3 Re6 18. Qf2 Rh6 19. h3 Bd7 20. f5 Re8 21. e4 dxe4 22. Rxe4 Rxe4 23. Nxe4 Rh5 24. Nd6 Qe7 25. Qf4 Rh4 26. Qe5 Qxe5 27. dxe5 Rf4 28. Rg4 Rxg4 29. hxg4 g6 30. Nxb7 h5 31. gxh5 gxf5 32. Nd6 Be6 33. Nxf5 Bxa2 34. Ne7+ Kg7 35. Nxc6 Kh6 36. g4 Be6 37. Bf5 Bxf5 38. gxf5 Kxh5 39. Kf2 Kg4 40. Nd4 Nd7 41. e6 fxe6 42. fxe6 Nf6 43. Ke3 a6 44. Kd3 Kf4 45. Nc6 Kf5 46. e7 Ke6 47. Kc4 Kd6 48. Nb4 Kxe7 49. Nxa6 Kd6 50. Kb5 Nd7 51. b3 Ne5 52. Kb6 Nd3 53. Nc7 Nc1 1/2-1/2

[Event "Kurgan"]
[Site "Kurgan"]
[Date "1994.??.??"]
[Round "9"]
[White "Predein, Vladimir"]
[Black "Rublevsky, Sergei"]
[Result "1/2-1/2"]
[WhiteElo "2360"]
[BlackElo "2550"]
[PlyCount "56"]
[EventDate "1994.??.??"]
[EventType "tourn"]
[EventRounds "11"]
[EventCountry "RUS"]
[EventCategory "8"]
[SourceTitle "CBM 043"]
[Source "ChessBase"]
[SourceDate "1994.12.01"]
[SourceVersion "1"]
[SourceVersionDate "1994.12.01"]
[SourceQuality "1"]

1. c4 e5 2. Nc3 Bb4 3. g3 Nf6 4. Bg2 0-0 5. d3 Re8 6. e4 c6 7. Nge2 d5 8. exd5 cxd5 9. 0-0 d4 10. Nd5 Nxd5 11. Bxd5 Nd7 12. a3 Bf8 13. b4 a5 14. Rb1 axb4 15. axb4 Nf6 16. Bg5 Bh3 17. Re1 h6 18. Bxf6 Qxf6 19. Nc1 Bd7 20. b5 Ra7 21. Qe2 Qg6 22. Qf3 b6 23. Be4 Bg4 24. Qg2 Bf5 25. Bc6 Re6 26. Bd5 Re8 27. Bc6 Re6 28. Bd5 Re8 1/2-1/2

[Event "Kurgan"]
[Site "Kurgan"]
[Date "1993.??.??"]
[Round "?"]
[White "Chuprov, Dmitry"]
[Black "Predein, Vladimir"]
[Result "1/2-1/2"]
[WhiteElo "2405"]
[BlackElo "2315"]
[PlyCount "132"]
[EventDate "1993.12.??"]
[EventType "tourn"]
[EventRounds "13"]
[EventCountry "RUS"]
[EventCategory "8"]
[SourceTitle "CBM 038 Extra"]
[Source "ChessBase"]
[SourceDate "1994.03.01"]
[SourceVersion "1"]
[SourceVersionDate "1994.03.01"]
[SourceQuality "1"]

1. e4 c5 2. Nc3 e6 3. Nf3 d6 4. d4 cxd4 5. Nxd4 Nf6 6. Be3 a6 7. f3 b5 8. g4 Nfd7 9. Qd2 Nb6 10. 0-0-0 N8d7 11. Kb1 Bb7 12. Qf2 Rc8 13. Nce2 Nc4 14. Bc1 b4 15. g5 Qb6 16. Qg3 e5 17. Nb3 a5 18. Na1 a4 19. Bh3 Rc7 20. Bxd7+ Rxd7 21. b3 Na3+ 22. Bxa3 bxa3 23. Nc3 axb3 24. cxb3 Be7 25. Na4 Qd8 26. h4 0-0 27. Nc2 d5 28. Qxe5 Re8 29. Qd4 Qa5 30. e5 Bc6 31. Qb6 Qa8 32. Nc3 Rb8 33. Qe3 d4 34. Nxd4 Bc5 35. e6 Re7 36. exf7+ Rxf7 37. Qe6 Bxd4 38. Rxd4 Bxf3 39. Rd7 Bh5 40. Rhd1 Re8 41. Qxe8+ Qxe8 42. Rd8 Kf8 43. Rxe8+ Kxe8 44. Re1+ Kd7 45. Nb5 Bg6+ 46. Ka1 Rf4 47. Nxa3 Rxh4 48. Nc4 Be4 49. Kb2 h5 50. gxh6 gxh6 51. Kc3 h5 52. Re3 Bg2 53. Re2 Bb7 54. Ne5+ Kc7 55. Ng6 Rg4 56. Re7+ Kc8 57. Ne5 Re4 58. Ng6 Rg4 59. Ne5 Re4 60. Kd3 Re1 61. Ng6 Rxe7 62. Nxe7+ Kc7 63. Ng6 Kb6 64. Kd4 Kb5 65. a3 Bc8 66. Ke5 Bg4 1/2-1/2

[Event "Kurgan"]
[Site "Kurgan"]
[Date "1993.??.??"]
[Round "?"]
[White "Magomedov, Magaram"]
[Black "Predein, Vladimir"]
[Result "1/2-1/2"]
[WhiteElo "2435"]
[BlackElo "2315"]
[PlyCount "103"]
[EventDate "1993.12.??"]
[EventType "tourn"]
[EventRounds "13"]
[EventCountry "RUS"]
[EventCategory "8"]
[SourceTitle "CBM 038 Extra"]
[Source "ChessBase"]
[SourceDate "1994.03.01"]
[SourceVersion "1"]
[SourceVersionDate "1994.03.01"]
[SourceQuality "1"]

1. Nf3 Nf6 2. c4 c5 3. Nc3 b6 4. e4 d6 5. d4 cxd4 6. Nxd4 Bb7 7. Qe2 e6 8. g3 Be7 9. Bg2 0-0 10. 0-0 Nbd7 11. Rd1 Qc7 12. Ndb5 Qb8 13. b3 a6 14. Nd4 Re8 15. Bb2 Bf8 16. Qc2 Qa7 17. Rac1 Rac8 18. Qb1 Qa8 19. Re1 g6 20. Rc2 Qb8 21. Rce2 Ba8 22. Ba1 Bg7 23. a4 Red8 24. Nc2 Ne5 25. Ne3 Bc6 26. Rd2 b5 27. axb5 axb5 28. cxb5 Bxb5 29. Nxb5 Qxb5 30. Qd1 Ne8 31. f4 Nc6 32. Bxg7 Kxg7 33. Nc4 e5 34. Rd5 Qb4 35. Re3 f6 36. fxe5 dxe5 37. Bh3 Ra8 38. Rd7+ Rxd7 39. Qxd7+ Ne7 40. Be6 Kf8 41. Kg2 Qc5 42. Rf3 Ra2+ 43. Kh3 Qg1 44. Nd2 h5 45. Qd8 f5 46. b4 Rb2 47. b5 Qe1 48. Rd3 Qe2 49. Nf3 g5 50. Nd2 Qg4+ 51. Kg2 Qe2+ 52. Kh3 1/2-1/2

[Event "Mlada Boleslav op"]
[Site "Mlada Boleslav"]
[Date "1993.??.??"]
[Round "?"]
[White "Predein, Vladimir"]
[Black "Hausner, Ivan"]
[Result "1-0"]
[WhiteElo "2315"]
[BlackElo "2465"]
[PlyCount "111"]
[EventDate "1993.08.??"]
[EventType "swiss"]
[EventRounds "9"]
[EventCountry "CZE"]
[SourceTitle "EXT 1997"]
[Source "ChessBase"]
[SourceDate "1996.11.15"]
[SourceVersion "1"]
[SourceVersionDate "1996.11.15"]
[SourceQuality "1"]

1. d4 Nf6 2. Nf3 g6 3. Bg5 Bg7 4. Nbd2 d5 5. e3 0-0 6. c4 c5 7. dxc5 Na6 8. Be2 Nxc5 9. 0-0 Nfe4 10. Nxe4 Nxe4 11. Qxd5 Nxg5 12. Nxg5 Bxb2 13. Rab1 Bg7 14. Qxd8 Rxd8 15. Bf3 h6 16. Ne4 Rb8 17. Rfc1 b6 18. c5 Be6 19. c6 Rbc8 20. Nc3 Bxc3 21. Rxc3 Bd5 22. c7 Rd6 23. Rbc1 Bxf3 24. gxf3 Kf8 25. Kf1 Ke8 26. f4 Kd7 27. Ke2 Rd5 28. e4 Rc5 29. Rxc5 bxc5 30. Rxc5 Rxc7 31. Ra5 Kc6 32. f5 Kb6 33. Re5 gxf5 34. Rxf5 f6 35. Kd3 Rc5 36. Kd4 Rc2 37. a3 Ra2 38. Kd5 Kc7 39. Ke6 Kd8 40. Rd5+ Ke8 41. Rd7 Rxf2 42. Rxe7+ Kf8 43. Rxa7 Rf4 44. Kd5 Rh4 45. a4 Rxh2 46. a5 Ra2 47. Ke6 h5 48. Kxf6 Ke8 49. e5 Rf2+ 50. Ke6 Kf8 51. a6 Ra2 52. Kf6 Rf2+ 53. Kg5 Ra2 54. Kxh5 Ra5 55. Kg4 Rxe5 56. Rb7 1-0

[Event "Mlada Boleslav op"]
[Site "Mlada Boleslav"]
[Date "1993.??.??"]
[Round "?"]
[White "Predein, Vladimir"]
[Black "Stohl, Igor"]
[Result "0-1"]
[WhiteElo "2315"]
[BlackElo "2545"]
[PlyCount "100"]
[EventDate "1993.08.??"]
[EventType "swiss"]
[EventRounds "9"]
[EventCountry "CZE"]
[SourceTitle "EXT 1997"]
[Source "ChessBase"]
[SourceDate "1996.11.15"]
[SourceVersion "1"]
[SourceVersionDate "1996.11.15"]
[SourceQuality "1"]

1. d4 Nf6 2. Nf3 g6 3. Bg5 Bg7 4. Nbd2 0-0 5. e4 d6 6. c3 h6 7. Bh4 Nbd7 8. Be2 e5 9. dxe5 dxe5 10. 0-0 Qe8 11. Re1 Nh5 12. b4 Nf4 13. Bb5 a6 14. Bf1 Nb6 15. Qc2 a5 16. Nb3 axb4 17. cxb4 c6 18. Na5 g5 19. Bg3 Qe7 20. Rab1 Be6 21. Nd2 Rfc8 22. Ndc4 Nxc4 23. Nxc4 Qc7 24. Rb2 b5 25. Ne3 Ra4 26. Nf5 Bf8 27. h4 Bxb4 28. Rxb4 Rxb4 29. Qc5 Bxf5 30. exf5 Rd4 31. hxg5 Rd5 32. Qc3 hxg5 33. Bxf4 exf4 34. Qf6 Qd6 35. Qxg5+ Qg6 36. Qxf4 Qxf5 37. Qh4 Qg5 38. Qh3 Qf5 39. Qc3 Rd6 40. Re5 Qf6 41. Qg3+ Qg7 42. Qe3 Rcd8 43. a4 bxa4 44. Bc4 Rd1+ 45. Bf1 R1d5 46. Re8+ Rxe8 47. Qxe8+ Qf8 48. Qxc6 Rd4 49. Bc4 Rd1+ 50. Bf1 a3 0-1

[Event "Kurgan"]
[Site "Kurgan"]
[Date "1993.??.??"]
[Round "?"]
[White "Predein, Vladimir"]
[Black "Temirbayev, Serikbay"]
[Result "0-1"]
[WhiteElo "2315"]
[BlackElo "2450"]
[PlyCount "88"]
[EventDate "1993.12.??"]
[EventType "tourn"]
[EventRounds "13"]
[EventCountry "RUS"]
[EventCategory "8"]
[SourceTitle "CBM 038 Extra"]
[Source "ChessBase"]
[SourceDate "1994.03.01"]
[SourceVersion "1"]
[SourceVersionDate "1994.03.01"]
[SourceQuality "1"]

1. d4 Nf6 2. Nf3 g6 3. Bg5 Bg7 4. Nbd2 0-0 5. e4 d6 6. c3 h6 7. Bh4 c5 8. dxc5 dxc5 9. Be2 Nh5 10. 0-0 g5 11. Bg3 Nc6 12. Ne1 Nxg3 13. hxg3 f5 14. exf5 Bxf5 15. Nc2 Kh8 16. Ne3 Bh7 17. Bf3 Bd3 18. Re1 Ne5 19. Be4 Qd7 20. Bxd3 Nxd3 21. Nf3 Rad8 22. Re2 e5 23. Rd2 e4 24. Ne1 Qf7 25. Qb3 Qe7 26. Nxd3 exd3 27. Rad1 Rxf2 28. Nd5 Rxd5 29. Rxf2 Rd7 30. Kh2 Qe4 31. Rf3 c4 32. Qb5 Re7 33. Qf5 Qc6 34. Rd2 b5 35. Rf1 a6 36. Rdf2 Kg8 37. Kh1 Kh8 38. Qg4 Kg8 39. Qh5 Qe6 40. Qf3 Kh7 41. a4 bxa4 42. Qf5+ Qxf5 43. Rxf5 a3 44. bxa3 Bxc3 0-1